000 00712nam a2200253Ia 4500
003 OSt
005 20221006160758.0
006 a|||||r|||| 00| 0
007 ta
008 221006b |||||||| |||| 00| 0 eng d
020 _a9780307720658
_c
_ 24.00
024 _a46,326
037 _cTextual
040 _aEASL
_cEASL
_beng
041 _2eng
_aeng
082 _aO4952,3N70, 111Q4
100 _aKIM Suki
_9672624
245 0 _aWithout you, there is no us
_b my time with the sons of North Korea's elite
260 _aNew York
_bCrown Publishers
_c2014
300 _a291p.
_ccm.
490 _v KEL
942 _hO4952,3N70, 111Q4
_cTEXL
_2CC
999 _c1114418
_d1114418